| 000 | 00930cam a2200313 i 4500 | ||
|---|---|---|---|
| 999 |
_c200449527 _d67739 |
||
| 003 | TR-AnTOB | ||
| 005 | 20220823172425.0 | ||
| 007 | ta | ||
| 008 | 220823s1992 tu a $$$$ tur dtu c | ||
| 020 | _a9753460228 | ||
| 040 |
_aTR-AnTOB _beng _erda _cTR-AnTOB |
||
| 041 | 0 | _atur | |
| 044 | _ctu | ||
| 050 | 1 | 4 |
_aBF109.F74 _bG653 1992 |
| 090 |
_aBF109.F74 _bG653 1992 |
||
| 100 | 1 |
_aGöka, Erol, _d1959- _eauthor _915707 |
|
| 245 | 1 | 0 |
_aFreud / _cErol Göka, M. Hakan Türkçapar. |
| 264 | 1 |
_aİstanbul : _bAğaç Yayıncılık, _c1992. |
|
| 300 |
_a112 pages : _bphotographs ; _c21 cm |
||
| 336 |
_atext _btxt _2rdacontent |
||
| 337 |
_aunmediated _bn _2rdamedia |
||
| 338 |
_avolume _bnc _2rdacarrier |
||
| 490 | 0 |
_aAlternatif Üniversite ; _v5 |
|
| 504 | _aBIB | ||
| 600 | 1 | 0 |
_aFreud, Sigmund, _d1856-1939 _936397 |
| 700 | 1 |
_aTürkçapar, M. Hakan, _eauthor _d1966- _977405 |
|
| 942 |
_2lcc _cBK |
||